000 00519nam a2200181Ia 4500
008 100917s9999 xx 000 0 und d
082 _b40896
100 _aकाळे ग. प्र.
245 _aजुळे भाऊ
260 _bअरगडे कुलकर्णी प्रकाशन
_c1975
300 _a51
365 _b3
520 _aबालविभाग
630 _aजुळे भाऊ
650 _aबालविभाग
730 _aजुळे भाऊ
942 _cBOOK
999 _c646290
_d646287